|
|
|
|
| LEADER |
00000nam a2200000Ii 4500 |
| 001 |
DIGVIETO001 |
| 003 |
NyNyDIG |
| 006 |
m o d |
| 007 |
cr ||||||||||| |
| 008 |
130601s2007 sp ob 000 0 spa d |
| 020 |
|
|
|z 8496831256
|
| 020 |
|
|
|z 9788496831254
|
| 035 |
|
|
|a (OCoLC)888284083
|
| 040 |
|
|
|a DGITA
|b eng
|e pn
|c DGITA
|
| 043 |
|
|
|a s-bo---
|
| 050 |
1 |
4 |
|a JL2298.M28 eBook
|
| 245 |
0 |
0 |
|a Bolivia en movimiento :
|b acción colectiva y poder político /
|c Jesús Espasandín López, Pablo Iglesias Turrión (coords.) ; Xavier Albó... [et al.] ; con entrevista a Álvaro García Linera, vicepresidente de Bolivia ; prólogo de Francisco Fernández Buey.
|
| 264 |
|
1 |
|a [Mataro (Barcelona)] :
|b El Viejo Topo / Ediciones de Intervención Cultural, S.L.,
|c 2007.
|
| 300 |
|
|
|a 1 online resource (382 pages)
|
| 336 |
|
|
|a text
|b txt
|2 rdacontent
|
| 337 |
|
|
|a computer
|b c
|2 rdamedia
|
| 338 |
|
|
|a online resource
|b cr
|2 rdacarrier
|
| 505 |
0 |
|
|a Prefacio / Jesús Espassandín López y Pablo Iglesias Turrión -- Prólogo / Francisco Fernández Buey -- Introducción : La globalización y los movimientos sociales bolivianos / Pablo Iglesias Turrión y Jesús Espassandín López -- 1. Movimientos indígenas desde 1900 hasta la actualidad / Xavier Albó -- 2. Enseñanzas de la insurgencia étnica en Bolivia / Silvia Rivera Cusicanqui -- 3. Condición obrera y forma sindicato en Bolivia / Álvaro García Linera -- 4. Género, etnicidad y clases sociales: la mujer en los movimientos sociales y movimientos de mujeres / Denise Y. Arnold y Alison Spedding -- 5. Caracterización del "ciclo rebelde" 2000-2005 / Marta Cabezas -- 6. Múltiples fracturas del Estado y la sociedad desde los movimientos indígenas de Bolivia / Pablo Mamani Ramírez -- 7. Las clases peligrosas ; la interfaz boliviana en la resistencia global al capitalismo / Pablo Iglesias Turrión -- 8. El laberinto de la subalternidad ; cColonialidad del poder, estructuras de exclusión y movimientos indígenas en Bolivia / Jesús Espassandín López -- 9. Intelectuales, política y movimientos sociales en Boliva ; entrevista con Álvaro García Linera (vicepresidente de Bolivia) / Franklin Ramírez Gallegos y Pablo Stefanoni.
|
| 610 |
2 |
0 |
|a Movimiento al Socialismo (Bolivia)
|
| 651 |
|
0 |
|a Bolivia
|x Politics and government
|y 21st century
|x Citizen participation.
|
| 650 |
|
0 |
|a Democracy
|z Bolivia.
|
| 650 |
|
0 |
|a Socialism
|z Bolivia.
|
| 655 |
|
0 |
|a Electronic books.
|
| 700 |
1 |
|
|a Espasandín López, Jesús.
|
| 700 |
1 |
|
|a Iglesias Turrión, Pablo.
|
| 700 |
1 |
|
|a Albó, Xavier,
|d 1934-
|
| 700 |
1 |
|
|a García Linera, Alvaro.
|
| 700 |
1 |
|
|a Fernández Buey, Francisco
|
| 791 |
2 |
|
|a Digitalia (Firm),
|e distributor.
|
| 793 |
0 |
|
|g Digitalia eBook Collection:
|a El Viejo Topo.
|
| 856 |
4 |
0 |
|3 Digitalia Hispánica
|u https://www.digitaliapublishing.com/a/19375/
|
| 910 |
|
|
|a Premium Collection: 2007-2012
|